<?xml version="1.0" encoding="UTF-8"?><?xml-stylesheet type="text/xsl" href="static/style.xsl"?><OAI-PMH xmlns="http://www.openarchives.org/OAI/2.0/" xmlns:xsi="http://www.w3.org/2001/XMLSchema-instance" xsi:schemaLocation="http://www.openarchives.org/OAI/2.0/ http://www.openarchives.org/OAI/2.0/OAI-PMH.xsd"><responseDate>2026-04-14T05:01:14Z</responseDate><request verb="GetRecord" identifier="oai:www.recercat.cat:2117/427356" metadataPrefix="marc">https://recercat.cat/oai/request</request><GetRecord><record><header><identifier>oai:recercat.cat:2117/427356</identifier><datestamp>2026-02-07T08:00:29Z</datestamp><setSpec>com_2072_1033</setSpec><setSpec>col_2072_452950</setSpec></header><metadata><record xmlns="http://www.loc.gov/MARC21/slim" xmlns:dcterms="http://purl.org/dc/terms/" xmlns:xsi="http://www.w3.org/2001/XMLSchema-instance" xmlns:doc="http://www.lyncode.com/xoai" xsi:schemaLocation="http://www.loc.gov/MARC21/slim http://www.loc.gov/standards/marcxml/schema/MARC21slim.xsd">
   <leader>00925njm 22002777a 4500</leader>
   <datafield ind2=" " ind1=" " tag="042">
      <subfield code="a">dc</subfield>
   </datafield>
   <datafield ind2=" " ind1=" " tag="720">
      <subfield code="a">Semmler, Georg</subfield>
      <subfield code="e">author</subfield>
   </datafield>
   <datafield ind2=" " ind1=" " tag="720">
      <subfield code="a">Scheiner, Bernhard</subfield>
      <subfield code="e">author</subfield>
   </datafield>
   <datafield ind2=" " ind1=" " tag="720">
      <subfield code="a">Balcar, Loren</subfield>
      <subfield code="e">author</subfield>
   </datafield>
   <datafield ind2=" " ind1=" " tag="720">
      <subfield code="a">Paternostro, Rafael</subfield>
      <subfield code="e">author</subfield>
   </datafield>
   <datafield ind2=" " ind1=" " tag="720">
      <subfield code="a">Simbrunner, Benedikt</subfield>
      <subfield code="e">author</subfield>
   </datafield>
   <datafield ind2=" " ind1=" " tag="720">
      <subfield code="a">Pinter, Matthias</subfield>
      <subfield code="e">author</subfield>
   </datafield>
   <datafield ind2=" " ind1=" " tag="720">
      <subfield code="a">Trauner, Michael</subfield>
      <subfield code="e">author</subfield>
   </datafield>
   <datafield ind2=" " ind1=" " tag="720">
      <subfield code="a">Bofill Roig, Marta</subfield>
      <subfield code="e">author</subfield>
   </datafield>
   <datafield ind2=" " ind1=" " tag="720">
      <subfield code="a">Meyer, Elias Laurin</subfield>
      <subfield code="e">author</subfield>
   </datafield>
   <datafield ind2=" " ind1=" " tag="720">
      <subfield code="a">Silvester Hofer, Benedikt</subfield>
      <subfield code="e">author</subfield>
   </datafield>
   <datafield ind2=" " ind1=" " tag="720">
      <subfield code="a">Mandorfer, Mattias</subfield>
      <subfield code="e">author</subfield>
   </datafield>
   <datafield ind2=" " ind1=" " tag="720">
      <subfield code="a">Pinato, David J.</subfield>
      <subfield code="e">author</subfield>
   </datafield>
   <datafield ind2=" " ind1=" " tag="720">
      <subfield code="a">Zauner, Christian</subfield>
      <subfield code="e">author</subfield>
   </datafield>
   <datafield ind2=" " ind1=" " tag="720">
      <subfield code="a">Reiberger, Thomas</subfield>
      <subfield code="e">author</subfield>
   </datafield>
   <datafield ind2=" " ind1=" " tag="720">
      <subfield code="a">Funk, Georg Christian</subfield>
      <subfield code="e">author</subfield>
   </datafield>
   <datafield ind2=" " ind1=" " tag="260">
      <subfield code="c">2023-07</subfield>
   </datafield>
   <datafield ind2=" " ind1=" " tag="520">
      <subfield code="a">Background Hyponatremia has prognostic implications in patients with cirrhosis, and thus, has been incorporated in the 2016 MELD-UNOS update. Changes in serum chloride are commonly perceived as ‘just’ parallel to changes in serum sodium. However, these are less well studied in the context of cirrhosis. Aims To investigate whether serum chloride independently predicts outcomes in patients with advanced chronic liver disease (ACLD) and stable clinical course or with critical illness. Methods 891 patients with ACLD (defined by hepatic venous pressure gradient [HVPG] =6¿mm Hg) were followed after HVPG measurement between 2003 and 2020 (ACLD cohort). 181 critically ill patients with cirrhosis admitted to the ICU between 2004 and 2007 were recruited for the ICU cohort. Hypo-/hypernatremia (normal: 136–145¿mmol/L) and hypo-/hyperchloremia (normal: 98–107¿mmol/L) at baseline were assessed. Results ACLD cohort: 68% of male patients with a median MELD (adjusted for Na) of 11 (9–17) were included (Child-Pugh-stages-A/B/C: 46%/38%/16%) and followed for a median of 60 months. Lower serum chloride (adjusted average HR per mmol/L: 0.965 [95% confidence interval (95% CI): 0.945–0.986], p¿=¿0.001) showed a significant association with hepatic decompensation/liver-related mortality on multivariable Cox regression analysis adjusted for age, HVPG, albumin and MELD. In line, hypochloremia was significantly associated with hepatic decompensation/liver-related mortality (adjusted average HR: 1.656 [95% CI:1.267–2.163], p¿&lt;¿0.001). ICU cohort: 70% of patients were male, median MELD was 31(22–39) at ICU admission (92% with Child-Pugh-stage-C). After adjusting for hypo-/hypernatremia, MELD, and blood pH, hypochloremia remained independently associated with ICU-mortality (aOR Cl: 3.200 [95%CI: 1.209–8.829], p¿=¿0.021). Conclusion Hypochloremia is associated with increased mortality in clinically stable and critically ill patients with cirrhosis independently of MELD including serum sodium.</subfield>
   </datafield>
   <datafield ind2=" " ind1=" " tag="520">
      <subfield code="a">BS is supported by a study grant provided by Università degli Studi del Piemonte Orientale. DJP is supported by grant funding from the Wellcome Trust Strategic Fund (PS3416), the Associazione Italiana per la Ricerca sul Cancro (AIRC MFAG 25697) and acknowledges grant support from the Cancer Treatment and Research Trust (CTRT) and infrastructural support by the Imperial Experimental Cancer Medicine Centre and the NIHR Imperial Biomedical Research Centre.</subfield>
   </datafield>
   <datafield ind2=" " ind1=" " tag="520">
      <subfield code="a">Peer Reviewed</subfield>
   </datafield>
   <datafield ind2=" " ind1=" " tag="520">
      <subfield code="a">Postprint (published version)</subfield>
   </datafield>
   <datafield tag="653" ind2=" " ind1=" ">
      <subfield code="a">Àrees temàtiques de la UPC::Matemàtiques i estadística::Estadística aplicada</subfield>
   </datafield>
   <datafield tag="653" ind2=" " ind1=" ">
      <subfield code="a">Hyponatremia</subfield>
   </datafield>
   <datafield tag="653" ind2=" " ind1=" ">
      <subfield code="a">Liver -- Cirrhosis -- Patients</subfield>
   </datafield>
   <datafield tag="653" ind2=" " ind1=" ">
      <subfield code="a">Hiponatrèmia</subfield>
   </datafield>
   <datafield tag="653" ind2=" " ind1=" ">
      <subfield code="a">Cirrosi hepàtica -- Pacients</subfield>
   </datafield>
   <datafield ind2="0" ind1="0" tag="245">
      <subfield code="a">Disturbances in sodium and chloride homeostasis predict outcome in stable and critically ill patients with cirrhosis</subfield>
   </datafield>
</record></metadata></record></GetRecord></OAI-PMH>